| 000 | 00462nam a2200181Ia 4500 | ||
|---|---|---|---|
| 001 | 57843 | ||
| 008 | 140507s9999 xx 000 0 und d | ||
| 020 | _a9781408840580 | ||
| 040 | _cPK-LaUMT | ||
| 082 |
_a 956.053 _bDAN-N |
||
| 100 | _aDanahar, Paul | ||
| 245 | 4 |
_aThe New middle East _bthe world after the Arab spring _cDanahar, Paul |
|
| 260 |
_aLondon,UK: _bBloomsbury, _c2013 |
||
| 300 | _a467 p. | ||
| 546 | _aEN | ||
| 650 | _aMiddle East | ||
| 942 | _cBK | ||
| 999 |
_c55109 _d55109 |
||